History Quiz

Random History or Politics Quiz
Score 0/24 Timer 05:00
1 Play Today
# Historical Figure % Correct
1Abraham Lincoln
98.6%
13Barack Obama
97.6%
23Jesus Christ
93.5%
17Albert Einstein
92.9%
20Osama bin Laden
88.8%
21Sarah Palin
87.8%
8Hillary Clinton
86%
5Jacqueline Kennedy Onassis
78.5%
16Richard Nixon
73.9%
9Al Capone
67.6%
15Ernesto 'Che' Guevara
64.7%
11Ronald Reagan
63.3%
# Historical Figure % Correct
12Ulysses S. Grant
62.8%
22Diana, Princess of Wales
60.3%
2Pope John Paul II
59.4%
14Sir Winston Churchill
58.6%
18Barbara Bush
55.9%
3Kim Jong Il
53.6%
24Thomas Jefferson
52.6%
6Robert E. Lee
51.6%
10Jesse Jackson
50.2%
4Ludwig van Beethoven
46%
7Charles Darwin
31.6%
19Johann Sebastian Bach
15.9%
Remove Ads.
Support Sporcle.
Get the best of Sporcle when you Go Orange. This ad-free experience offers more features, more stats, and more fun while also helping to support Sporcle. Thank you for becoming a member.

You're not logged in!

Compare scores with friends on all Sporcle quizzes.
OR
Log In

Show Comments

Extras

Top Quizzes Today


Score Distribution

Your Account Isn't Verified!

In order to create a playlist on Sporcle, you need to verify the email address you used during registration. Go to your Sporcle Settings to finish the process.

Report this User

Report this user for behavior that violates our Community Guidelines.

Details: